000 00644nam a2200229 i 4500
001 15047
003 ES-MaACL
005 20250911062633.0
007 t|
008 991202s1997 sp ||||1| spa d
020 _a84-233-0674-7
080 _a821.134.2-31"19"
100 1 _aMartín Gaite, Carmen,
_d1925-2000
_977496
245 1 3 _aEl balneario /
_cCarmen Martín Gaite.
250 _a3ª ed. en Destino.
260 _aBarcelona :
_bDestino,
_c1997.
300 _a185 p. ;
_c20 cm.
490 1 _aAncora y delfín ;
_v515
830 0 0 _aÁncora y Delfín
_v515
_9151298
852 _aES-MaACL
_jL-22240
_bR.127485
999 _c15047
_d15047